000 00593nam a2200193Ia 4500
001 20365
003 GE_BSU
008 181216s||||||||xx |||||||||||||| ||und||
040 _cGE_BSU
245 _aИнформационно-управляющие системы. №1(86) 2017
245 _cГл.ред.Сергеев М.Б.
260 _aМосква
260 _c2017
300 _a120стр. 29см.
653 _aИнформационно-управляющие системы. №1(86) 2017
653 _aПериодика
653 _aპერიოდიკა
942 _cCR
999 _c53324
_d53324